| 000 | 00431nam a2200169Ia 4500 | ||
|---|---|---|---|
| 005 | 20250508150317.0 | ||
| 008 | 008 250505s9999 xx 000 0 eng d | ||
| 037 | _aBooks to be hide in OPAC | ||
| 040 |
_aFEDL _beng _cFEDL |
||
| 041 |
_aeng _2eng |
||
| 084 |
_a155.3, RUS/O _qFEDL |
||
| 100 | _aRussell G | ||
| 245 | 0 | _aMen and women | |
| 300 | _a125p. | ||
| 942 |
_cHB _h155.3, RUS/O |
||
| 999 |
_c1322924 _d1322924 |
||